Rok ochrany európskej prírody v povodí Dunaja
Zapojenie Slovenska do kampane na ochranu európskej prírody. Príkladom kompletného prístupu na ochranu prírody je Environmentálny program v povodí Dunaja, ktorého účastníkmi sú všetky podunajské štáty. Trojročný Strategický plán je rozpracovaný v národných akčných plánoch. Vytvorenie medzinárodných...
Saved in:
| Main Author: | |
|---|---|
| Format: | Book Chapter |
| Language: | Slovak |
| Subjects: | |
| Tags: |
No Tags, Be the first to tag this record!
|
MARC
| LEADER | 00000naa a2200000 4500 | ||
|---|---|---|---|
| 001 | r017216 | ||
| 005 | 20221213101502.3 | ||
| 041 | 0 | |a slo | |
| 044 | |a SK | ||
| 245 | 1 | 0 | |a Rok ochrany európskej prírody v povodí Dunaja |c M. Hubcej |
| 520 | |a Zapojenie Slovenska do kampane na ochranu európskej prírody. Príkladom kompletného prístupu na ochranu prírody je Environmentálny program v povodí Dunaja, ktorého účastníkmi sú všetky podunajské štáty. Trojročný Strategický plán je rozpracovaný v národných akčných plánoch. Vytvorenie medzinárodných expertných skupín. | ||
| 610 | 2 | 0 | |a ochrana prírody |
| 610 | 2 | 0 | |a Európa |
| 610 | 2 | 0 | |a 1995 |
| 610 | 2 | 0 | |a Slovensko |
| 610 | 2 | 0 | |a Dunaj |
| 610 | 2 | 0 | |a rieky |
| 610 | 2 | 0 | |a PHARE |
| 610 | 2 | 0 | |a toky vodné |
| 610 | 2 | 0 | |a zdroje vodné |
| 100 | 1 | |a Hubcej, M. | |